[Event "1st GMA World Cup #1"]
[Site "Brussels BEL"]
[Date "1988.04.??"]
[Round "17"]
[White "Kortschnoj, Viktor"]
[Black "Portisch, Lajos"]
[Result "1/2-1/2"]
[WhiteElo "2640"]
[BlackElo "2610"]
[EventDate "1988.04.01"]
[PlyCount "31"]

1.d4 Nf6 2.c4 e6 3.Nc3 Bb4 4.e3 c5 5.Bd3 Nc6 6.Ne2 d5 7.cxd5 Nxd5 8.O-O 
cxd4 9.exd4 O-O 10.Bc2 Bd6 11.Qd3 Qh4 12.g3 Qh5 13.Nxd5 exd5 14.Bf4 Be7 
15.Bd2 Qg6 16.Kg2 1/2-1/2